000 01362nam a2200325 a 4500
001 000003277
003 DO-SdBNP
005 20260224100502.0
007 ta
008 090707s2008 dr 001 0dspa d
020 _a9789945161939
040 _aDO-SdBNP
_bspa
_cBNPHU
082 4 _a649.1
_bD919c
_222
100 1 _aDunker L., José,
_d1943-
_91027
245 1 0 _aComo criar bien a los hijos...sin destruir el matrimonio :
_buna guía para padres que quieren desempeñar bien su papel /
_cJosé Dunker Lambert, Fior De Jesús de Dunker.
260 _aSanto Domingo :
_bSea,
_c2008.
300 _a84 p. ;
_c22 cm.
500 _aIncluye datos biográficos del autor en la contraportada del libro.
505 _aLa regla universal de crianza -- Diez hábitos para aprender en casa -- Apoyo y confrontación -- Los tres postulados de una familia saludable -- El origen de los traumas familiares -- El trauma y sus consecuencias -- Preguntas que se hacen con frecuencia.
590 _aInventariado, 2020/BT
650 0 _aCrianza de niños
_94212
650 4 _aPadres e hijos
_9796
650 4 _aEducación para la vida familiar
_92729
650 4 _aEducación en el hogar
_9798
650 4 _aManejo de niños
_9799
650 0 _aFamilias
_9795
700 1 _aJesús de Dunker, Fior de
_910318
910 _aJornada de catalogación
942 _2ddc
_cLBS1
999 _c3108
_d3108